[Event "TUR-chT2"]
[Site "Konya"]
[Date "2014.06.29"]
[Round "9.4"]
[White "Mammadov, Zaur Fazahir Oglu"]
[Black "Ersoz, Bartu"]
[Result "1-0"]
[WhiteElo "2459"]
[BlackElo "1918"]
[PlyCount "79"]
[EventDate "2014.06.23"]
[EventType "team-swiss"]
[EventRounds "9"]
[EventCountry "TUR"]
[SourceTitle "CBM 161 Extra"]
[Source "ChessBase"]
[SourceDate "2014.08.29"]
[SourceVersion "1"]
[SourceVersionDate "2014.08.29"]
[SourceQuality "1"]
[WhiteTeam "Burdur"]
[BlackTeam "Pausa"]
[WhiteTeamCountry "TUR"]
[BlackTeamCountry "TUR"]

1. e4 c5 2. c3 Nf6 3. e5 Nd5 4. Nf3 e6 5. Bc4 Nf4 6. 0-0 Ng6 7. d4 cxd4 8. cxd4 d5 9. Bd3 Be7 10. Nc3 0-0 11. g3 Nc6 12. h4 Re8 13. h5 Nf8 14. Bf4 a6 15. Rc1 Bd7 16. Bb1 Rc8 17. Re1 Na5 18. Nh2 b5 19. Ng4 Bg5 20. Qf3 Nc4 21. h6 Ng6 22. hxg7 Nd2 23. Qe3 Nc4 24. Bxg5 Nxe3 25. Bxd8 Nxg4 26. Bf6 Rc4 27. Ne2 Rec8 28. b3 R4c6 29. Rxc6 Rxc6 30. Rc1 Rxc1+ 31. Nxc1 h5 32. Kg2 a5 33. a3 Kh7 34. Nd3 Kg8 35. Nc5 Bc8 36. Bd3 b4 37. axb4 axb4 38. Kf3 Nh2+ 39. Ke2 Ng4 40. Ba6 1-0

[Event "EU-ch U16 23rd"]
[Site "Budva"]
[Date "2013.10.08"]
[Round "9"]
[White "Ersoz, Bartu"]
[Black "Vicas, Marijus"]
[Result "0-1"]
[WhiteElo "1903"]
[BlackElo "2059"]
[PlyCount "46"]
[EventDate "2013.09.29"]
[EventType "swiss"]
[EventRounds "9"]
[EventCountry "MNE"]
[SourceTitle "CBM 156 Extra"]
[Source "ChessBase"]
[SourceDate "2013.10.22"]
[SourceVersion "1"]
[SourceVersionDate "2013.10.22"]
[SourceQuality "1"]

1. e4 d5 2. exd5 Nf6 3. d4 Nxd5 4. Nf3 g6 5. Be2 Bg7 6. 0-0 0-0 7. h3 Nc6 8. c3 e5 9. dxe5 Nxe5 10. Nxe5 Bxe5 11. Bh6 Re8 12. Bc4 Nb6 13. Bb3 Qh4 14. Qf3 Bf5 15. Be3 h5 16. Nd2 c6 17. Bxb6 axb6 18. Nc4 Be4 19. Qe3 Bf4 20. Qxb6 Qg5 21. f3 Bd3 22. Qd4 Qg3 23. Rfd1 Qh2+ 0-1

[Event "EU-ch U16 23rd"]
[Site "Budva"]
[Date "2013.10.05"]
[Round "6"]
[White "Sirosh, Ilja"]
[Black "Ersoz, Bartu"]
[Result "1-0"]
[WhiteElo "2103"]
[BlackElo "1903"]
[PlyCount "154"]
[EventDate "2013.09.29"]
[EventType "swiss"]
[EventRounds "9"]
[EventCountry "MNE"]
[SourceTitle "CBM 156 Extra"]
[Source "ChessBase"]
[SourceDate "2013.10.22"]
[SourceVersion "1"]
[SourceVersionDate "2013.10.22"]
[SourceQuality "1"]

1. d4 Nf6 2. c4 c5 3. d5 e5 4. Nc3 Bd6 5. e4 Bc7 6. Nge2 d6 7. Ng3 0-0 8. Be2 Re8 9. h4 Nbd7 10. Bg5 h6 11. Be3 Ba5 12. f3 Nf8 13. h5 a6 14. Kf2 Bd7 15. a4 Rb8 16. Nf5 Bxf5 17. exf5 e4 18. f4 Bxc3 19. bxc3 N6d7 20. g4 Qf6 21. Qc2 Nh7 22. Rab1 b6 23. Ke1 Kf8 24. Kd2 Qe7 25. Rhg1 f6 26. Ke1 Rec8 27. Kf2 Re8 28. Qa2 Qd8 29. Rb2 Kf7 30. Rgb1 Qc7 31. Bd1 Nhf8 32. Bc2 Re7 33. Rb3 Nh7 34. R1b2 Nhf8 35. Qb1 a5 36. Qa2 Qa7 37. Rb1 Qa6 38. R3b2 Nh7 39. Rg1 Nhf8 40. Bd1 Ke8 41. Be2 Kd8 42. Ke1 Kc7 43. Kd2 Rbe8 44. Kc2 Nh7 45. Kb3 Qa7 46. Ka3 Rb8 47. Qb1 Nhf8 48. Bf1 Rbe8 49. Rbg2 Qa6 50. Be2 Ra8 51. Kb3 Qa7 52. g5 hxg5 53. fxg5 b5 54. axb5 a4+ 55. Ka3 Qa5 56. Qc1 Ne5 57. gxf6 gxf6 58. Rg7 Rae8 59. h6 Kb6 60. Rxe7 Rxe7 61. Rg7 Qa7 62. Qg1 Qa5 63. Bd2 e3 64. Be1 Qa7 65. Rxe7 Qxe7 66. Qg7 Qf7 67. Bh4 Nfd7 68. Qxf7 Nxf7 69. h7 Ka5 70. Bh5 Nh8 71. Ka2 Kb6 72. Kb2 Kc7 73. Ka3 Kd8 74. Kxa4 Nb6+ 75. Kb3 Ke7 76. Bg3 Kf8 77. Bxd6+ Kg7 1-0

[Event "EU-ch U14"]
[Site "Albena"]
[Date "2011.09.15"]
[Round "5"]
[White "Ersoz, Bartu"]
[Black "Buendia Pinar, Alvaro"]
[Result "1/2-1/2"]
[WhiteElo "1869"]
[BlackElo "2003"]
[PlyCount "42"]
[EventDate "2011.09.11"]
[EventType "swiss"]
[EventRounds "9"]
[EventCountry "BUL"]
[SourceTitle "CBM 144 Extra"]
[Source "ChessBase"]
[SourceDate "2011.10.28"]
[SourceVersion "1"]
[SourceVersionDate "2011.10.28"]
[SourceQuality "1"]

1. e4 d5 2. exd5 Qxd5 3. Nc3 Qd6 4. d4 Nf6 5. Nf3 Be6 6. h3 Bf5 7. Bd3 Bxd3 8. Qxd3 Nbd7 9. 0-0 g6 10. Bg5 Bg7 11. Bh4 Nb6 12. Bg3 Qd8 13. Ne4 Nxe4 14. Qxe4 0-0 15. Rfe1 e6 16. c3 Qd5 17. Qc2 Rac8 18. Be5 Rfd8 19. Bxg7 Kxg7 20. Ne5 Qd6 21. Qd2 Qe7 1/2-1/2

[Event "TUR-chT"]
[Site "Konya"]
[Date "2010.07.07"]
[Round "11"]
[White "Ersoz, Bartu"]
[Black "Temizkan, Denizcan"]
[Result "1-0"]
[WhiteElo "1764"]
[BlackElo "1814"]
[PlyCount "31"]
[EventDate "2010.06.29"]
[EventType "team-tourn"]
[EventRounds "13"]
[EventCountry "TUR"]
[SourceTitle "CBM 137 Extra"]
[Source "ChessBase"]
[SourceDate "2010.09.01"]
[SourceVersion "1"]
[SourceVersionDate "2010.09.01"]
[SourceQuality "1"]

1. e4 e5 2. Nf3 Nc6 3. Bc4 Nf6 4. d3 Be7 5. 0-0 d6 6. c3 Bg4 7. h3 Bh5 8. Nbd2 0-0 9. Re1 Qd7 10. Nf1 Bg6 11. Ng3 h6 12. Bb3 Rfe8 13. Nh4 Bh7 14. Nhf5 Bxf5 15. Nxf5 Nh7 16. Qg4 1-0